Bangladesh studies / (Record no. 77458)
[ view plain ]
| 000 -LEADER | |
|---|---|
| fixed length control field | 01048nam a22003017i 4500 |
| 001 - CONTROL NUMBER | |
| control field | 77458 |
| 003 - CONTROL NUMBER IDENTIFIER | |
| rucl marc code | BD-RjUL |
| 005 - DATE AND TIME OF LATEST TRANSACTION | |
| control field | 20211209082955.0 |
| 008 - FIXED-LENGTH DATA ELEMENTS--GENERAL INFORMATION | |
| fixed length control field | 200921s2017 bg ||||| |||| 00| 0 eng d |
| 020 ## - INTERNATIONAL STANDARD BOOK NUMBER | |
| International Standard Book Number | 9789848471593 |
| 035 ## - SYSTEM CONTROL NUMBER | |
| System control number | (BD-RjUL)77683 |
| 040 ## - CATALOGING SOURCE | |
| Original cataloging agency | BD-RjUL |
| Language of cataloging | eng |
| Transcribing agency | BD-RjUL |
| Description conventions | rda |
| 041 ## - LANGUAGE CODE | |
| Language code of text/sound track or separate title | eng |
| 082 ## - DEWEY DECIMAL CLASSIFICATION NUMBER | |
| Edition number | 23 |
| Classification number | 954.9205 |
| Author mark and year | ISB 2017 |
| 100 ## - MAIN ENTRY--PERSONAL NAME | |
| Personal name | Islam, Md. Thowhidul |
| 9 (RLIN) | 241489 |
| 245 ## - TITLE STATEMENT | |
| Title | Bangladesh studies / |
| Statement of responsibility, etc. | Md. Thowhidul Islam, Md. Enayet Ullah Patwary & Md. Cholem Ullah. |
| 264 ## - PRODUCTION, PUBLICATION, DISTRIBUTION, MANUFACTURE, AND COPYRIGHT NOTICE | |
| Place of production, publication, distribution, manufacture | Dhaka : |
| Name of producer, publisher, distributor, manufacturer | Bangladesh Institute of Islamic Thought (BIIT), |
| Date of production, publication, distribution, manufacture, or copyright notice | c2017 |
| 300 ## - PHYSICAL DESCRIPTION | |
| Pagination | xvii, 355 pages : |
| Illustrations | illustrations ; |
| Size | 24 cm. |
| 336 ## - CONTENT TYPE | |
| Content type term | text |
| Source | rdacontent |
| 337 ## - MEDIA TYPE | |
| Media type term | unmediated |
| Source | rdamedia |
| 338 ## - CARRIER TYPE | |
| Carrier type term | volume |
| Source | rdacarrier |
| 490 ## - SERIES STATEMENT | |
| Series statement | Text Book Writing project of IIIT BD. |
| Volume/sequential designation | Social Science Series-03 |
| 651 ## - SUBJECT ADDED ENTRY--GEOGRAPHIC NAME | |
| Geographic name | Bangladesh |
| General subdivision | History |
| Chronological subdivision | Revolution, 1971. |
| 9 (RLIN) | 241491 |
| Geographic name | Bangladesh |
| Geographic subdivision | Economic policy. |
| 9 (RLIN) | 241492 |
| 700 ## - ADDED ENTRY--PERSONAL NAME | |
| Personal name | Patwary, Md. Enayet Ullah |
| Personal name | Cholem Ullah, Md. |
| 942 ## - ADDED ENTRY ELEMENTS (KOHA) | |
| Source of classification or shelving scheme | Dewey Decimal Classification |
| Koha item type | Books |
| Lost status | Source of classification or shelving scheme | Damaged status | Not for loan | Permanent Location | Current Location | Shelving location | Date acquired | Source of acquisition | Cost, normal purchase price | Total Checkouts | Full call number | Date last seen | Copy number | Koha item type | Date checked out |
|---|---|---|---|---|---|---|---|---|---|---|---|---|---|---|---|
| Dewey Decimal Classification | Not For Loan | Central Library, University of Rajshahi | Central Library, University of Rajshahi | Reading Room | 15/03/2020 | Academic public Ltd. | 315.00 | 954.9205 ISB 2017 | 21/09/2020 | C-1 | Books | ||||
| Dewey Decimal Classification | Central Library, University of Rajshahi | Central Library, University of Rajshahi | 15/03/2020 | Academic public Ltd. | 315.00 | 2 | 954.9205 ISB 2017 | 07/02/2024 | C-2 | Books | 04/02/2024 | ||||
| Dewey Decimal Classification | Central Library, University of Rajshahi | Central Library, University of Rajshahi | 15/03/2020 | Academic public Ltd. | 315.00 | 4 | 954.9205 ISB 2017 | 05/02/2025 | C-3 | Books | 21/01/2025 |